Video Games by Quotes - Statistics

General Stats
  • This quiz has been taken 123 times
  • The average score is 7 of 20
Answer Stats
Hint Answer % Correct
FINISH HIM! Mortal Kombat
89%
I used to be an adventurer like you, then i took an arrow in the knee The Elder Scrolls V: Skyrim
82%
Remember- no Russian Call of Duty: Modern Warfare 2
77%
Ah, n__ don't hate me 'cause i'm beautiful, n__ Grand Theft Auto 5
74%
Boy... God of War
70%
Hey! Listen! The Legend of Zelda: Ocarina of Time
56%
It's time to kick ass and chew bubblegum... and I'm all outta gum Duke Nukem 3D
49%
I don't want to set the world on fire Fallout
46%
Did I ever tell you the definition of insanity? Far Cry 3
44%
Stop! You've violated the law The Elder Scrolls IV: Oblivion
36%
SHOOT ME IN THE FACE! IN THE FAAAAAAAACE! Borderlands 2
35%
Would you kindly...? Bioshock
32%
An enemy has been slain League of Legends
20%
Stay awhile, and loot things! Diablo 3
10%
Every puzzle has an answer Professor Layton and the Curious Village
6%
Onya mate, you did it! Ty the Tasmanian Tiger
3%
He gets up Bastion
2%
I'm melting! Majesty: The Fantasy Kingdom Sim
2%
Wisdom is the offspring of Suffering and Time Path of Exile
2%
I'm on fire! Unreal Tournament
2%
No matching quizzes found
Score Distribution
Percent of People with Each Score
Percentile by Number Answered
Your Score History
You have not taken this quiz